ბათუმის შოთა რუსთაველის სახელმწიფო უნივერსიტეტის ბიბლიოთეკა

საქართველოს ადგილობრივი ფლორა (ბიბ.ჩანაწერი № 36535)

000 -LEADER
fixed length control field 00637nam a2200205Ia 4500
001 - CONTROL NUMBER
control field 2453
003 - CONTROL NUMBER IDENTIFIER
control field GE_BSU
008 - FIXED-LENGTH DATA ELEMENTS--GENERAL INFORMATION
fixed length control field 181216s||||||||xx |||||||||||||| ||und||
040 ## - CATALOGING SOURCE
Transcribing agency GE_BSU
080 ## - UNIVERSAL DECIMAL CLASSIFICATION NUMBER
Universal Decimal Classification number 58(479.22)
100 ## - MAIN ENTRY--PERSONAL NAME
Personal name ქიქოძე, დავით [და სხვ]
245 ## - TITLE STATEMENT
Title საქართველოს ადგილობრივი ფლორა
250 ## - EDITION STATEMENT
Edition statement გამოც. მე–2
260 ## - PUBLICATION, DISTRIBUTION, ETC.
Place of publication, distribution, etc. თბილისი
260 ## - PUBLICATION, DISTRIBUTION, ETC.
Date of publication, distribution, etc. 2010
300 ## - PHYSICAL DESCRIPTION
Extent 35 გვ.
653 ## - INDEX TERM--UNCONTROLLED
Uncontrolled term საქართველოს ადგილობრივი ფლორა
942 ## - ADDED ENTRY ELEMENTS (KOHA)
Koha item type წიგნი

არაა ხელმისაწვდომი ეგზემპლარები.